00370nam a2200145Ia 4500008004100000020001500041041001200056100001200068245005900080250000800139260003600147300000900183650001900192700001300211221030s9999 xx 000 0 und d a0977858243 aEnglish aN. Bali 0aAdvanced Engineering Mathematicscby N. Bali, M. Goyal a7th bFirewall MediaaNew Delhic2012 a1606 aBE Mathematics aM. Goyal